[Event "DEM U10 2025"]
[Site "Willingen GER"]
[Date "2025.06.08"]
[Round "1"]
[White "Gheng, Hannes Lucas"]
[Black "Zentgraf, Raphael"]
[Result "1-0"]
[Termination "normal"]
[Board "28"]
[WhiteElo "1483"]
[BlackElo "1660"]
[WhiteClock "01:08:15"]
[BlackClock "01:10:53"]
[PlyCount "69"]
[WhiteFideId "34606890"]
[BlackFideId "34684166"]
[EventCountry "GER"]
[EventRounds "9"]
[EventType "swiss"]
[EventDate "2025.06.07"]

1. e4 {[%clk 01:30:58]} {[%emt 00:00:02]} c5 {[%clk 01:30:32]} {[%emt
00:00:28]} 2. d4 {[%clk 01:31:04]} {[%emt 00:00:24]} cxd4 {[%clk 01:29:57]}
{[%emt 00:01:05]} 3. c3 {[%clk 01:31:24]} {[%emt 00:00:10]} Nf6 {[%clk
01:29:26]} {[%emt 00:01:01]} 4. e5 {[%clk 01:31:07]} {[%emt 00:00:47]} Nd5
{[%clk 01:28:39]} {[%emt 00:01:17]} 5. Nf3 {[%clk 01:31:03]} {[%emt 00:00:34]}
e6 {[%clk 01:28:06]} {[%emt 00:01:05]} 6. cxd4 {[%clk 01:30:22]} {[%emt
00:01:11]} b6 {[%clk 01:26:56]} {[%emt 00:01:40]} 7. Bc4 {[%clk 01:29:24]}
{[%emt 00:01:27]} Bb7 {[%clk 01:26:19]} {[%emt 00:01:08]} 8. O-O {[%clk
01:26:58]} {[%emt 00:01:38]} d6 {[%clk 01:25:36]} {[%emt 00:02:31]} 9. Re1
{[%clk 01:24:18]} {[%emt 00:03:09]} Qc7 {[%clk 01:23:48]} {[%emt 00:02:18]} 10.
Bb3 {[%clk 01:22:42]} {[%emt 00:02:07]} Be7 {[%clk 01:22:31]} {[%emt 00:01:47]}
11. Bd2 {[%clk 01:15:50]} {[%emt 00:07:20]} O-O {[%clk 01:22:00]} {[%emt
00:01:03]} 12. Nc3 {[%clk 01:16:09]} {[%emt 00:00:11]} Nxc3 {[%clk 01:21:06]}
{[%emt 00:01:25]} 13. Bxc3 {[%clk 01:14:49]} {[%emt 00:01:49]} Nd7 {[%clk
01:16:50]} {[%emt 00:04:47]} 14. Rc1 {[%clk 01:13:35]} {[%emt 00:01:43]} Rac8
{[%clk 01:16:15]} {[%emt 00:01:05]} 15. Bb4 {[%clk 01:13:48]} {[%emt 00:00:17]}
Qxc1 {[%clk 01:16:09]} {[%emt 00:00:36]} 16. Qxc1 {[%clk 01:14:06]} {[%emt
00:00:13]} Rxc1 {[%clk 01:16:32]} {[%emt 00:00:06]} 17. Rxc1 {[%clk 01:14:15]}
{[%emt 00:00:21]} Bxf3 {[%clk 01:16:06]} {[%emt 00:00:56]} 18. gxf3 {[%clk
01:14:29]} {[%emt 00:00:15]} a5 {[%clk 01:13:22]} {[%emt 00:03:15]} 19. Ba3
{[%clk 01:12:32]} {[%emt 00:02:28]} b5 {[%clk 01:13:13]} {[%emt 00:00:32]} 20.
Bxd6 {[%clk 01:11:36]} {[%emt 00:01:33]} Bxd6 {[%emt 00:00:14]} 21. exd6 {[%clk
01:11:37]} {[%emt 00:00:27]} a4 {[%clk 01:13:46]} {[%emt 00:00:14]} 22. Bd1
{[%clk 01:10:31]} {[%emt 00:01:35]} Rd8 {[%clk 01:12:32]} {[%emt 00:01:44]} 23.
Be2 {[%clk 01:10:27]} {[%emt 00:00:34]} b4 {[%clk 01:12:34]} {[%emt 00:00:27]}
24. Bb5 {[%clk 01:10:39]} {[%emt 00:00:21]} a3 {[%clk 01:12:43]} {[%emt
00:00:21]} 25. bxa3 {[%clk 01:09:38]} {[%emt 00:01:31]} h6 {[%clk 01:11:37]}
{[%emt 00:01:35]} 26. axb4 {[%clk 01:09:43]} {[%emt 00:00:26]} Nb8 {[%clk
01:11:38]} {[%emt 00:00:28]} 27. a4 {[%clk 01:08:45]} {[%emt 00:01:28]} Nd7
{[%clk 01:11:46]} {[%emt 00:00:22]} 28. a5 {[%clk 01:08:32]} {[%emt 00:00:44]}
Kf8 {[%clk 01:12:05]} {[%emt 00:00:11]} 29. a6 {[%clk 01:08:21]} {[%emt
00:00:41]} Ke8 {[%clk 01:12:03]} {[%emt 00:00:31]} 30. a7 {[%clk 01:08:26]}
{[%emt 00:00:26]} Ra8 {[%clk 01:12:19]} {[%emt 00:00:14]} 31. Rc7 {[%clk
01:08:44]} {[%emt 00:00:12]} Rd8 {[%clk 01:12:26]} {[%emt 00:00:12]} 32. Rxd7
{[%clk 01:08:47]} {[%emt 00:00:38]} Rc8 {[%emt 00:00:22]} 33. Rc7+ {[%emt
00:00:57]} Kd8 {[%emt 00:00:19]} 34. Rxc8+ {[%emt 00:00:15]} Kxc8 {[%clk
01:10:53]} {[%emt 00:00:09]} 35. a8=Q# {[%clk 01:08:15]} {[%emt 00:00:20]} 1-0

[Event "DEM U10 2025"]
[Site "Willingen GER"]
[Date "2025.06.08"]
[Round "1"]
[White "Schubert, Anton"]
[Black "Stojanoski, Stefan"]
[Result "0-1"]
[Termination "normal"]
[Board "29"]
[WhiteElo "1039"]
[BlackElo "1670"]
[WhiteClock "01:17:34"]
[BlackClock "01:10:38"]
[PlyCount "144"]
[WhiteFideId "533043523"]
[BlackFideId "34632948"]
[EventCountry "GER"]
[EventRounds "9"]
[EventType "swiss"]
[EventDate "2025.06.07"]

1. e4 {[%clk 01:30:59]} {[%emt 00:00:01]} e5 {[%clk 01:30:56]} {[%emt
00:00:04]} 2. Nf3 {[%clk 01:31:20]} {[%emt 00:00:09]} Nc6 {[%clk 01:31:23]}
{[%emt 00:00:03]} 3. Nc3 {[%clk 01:31:28]} {[%emt 00:00:22]} Nf6 {[%clk
01:31:44]} {[%emt 00:00:09]} 4. d4 {[%clk 01:31:05]} {[%emt 00:00:53]} exd4
{[%clk 01:31:09]} {[%emt 00:01:06]} 5. Nxd4 {[%clk 01:31:31]} {[%emt 00:00:04]}
Be7 {[%clk 01:27:20]} {[%emt 00:04:20]} 6. Nxc6 {[%clk 01:31:29]} {[%emt
00:00:30]} dxc6 {[%clk 01:27:40]} {[%emt 00:00:11]} 7. Qxd8+ {[%clk 01:31:37]}
{[%emt 00:00:21]} Bxd8 {[%clk 01:27:46]} {[%emt 00:00:26]} 8. Bc4 {[%clk
01:31:47]} {[%emt 00:00:19]} O-O {[%clk 01:27:58]} {[%emt 00:00:18]} 9. O-O
{[%clk 01:32:05]} {[%emt 00:00:07]} Re8 {[%clk 01:28:14]} {[%emt 00:00:20]} 10.
Re1 {[%clk 01:31:26]} {[%emt 00:01:08]} Be6 {[%clk 01:27:57]} {[%emt 00:00:48]}
11. Bb3 {[%clk 01:31:12]} {[%emt 00:00:44]} Bxb3 {[%clk 01:22:36]} {[%emt
00:05:52]} 12. axb3 {[%clk 01:31:29]} {[%emt 00:00:12]} Be7 {[%clk 01:21:51]}
{[%emt 00:01:15]} 13. Bg5 {[%clk 01:31:29]} {[%emt 00:00:29]} h6 {[%clk
01:20:27]} {[%emt 00:01:55]} 14. Bh4 {[%clk 01:31:45]} {[%emt 00:00:12]} a6
{[%clk 01:19:32]} {[%emt 00:01:26]} 15. e5 {[%clk 01:32:02]} {[%emt 00:00:14]}
Nh7 {[%clk 01:16:48]} {[%emt 00:03:15]} 16. Bxe7 {[%clk 01:32:14]} {[%emt
00:00:17]} Rxe7 {[%clk 01:16:59]} {[%emt 00:00:19]} 17. Rad1 {[%clk 01:31:53]}
{[%emt 00:00:51]} Rae8 {[%clk 01:17:04]} {[%emt 00:00:26]} 18. f4 {[%clk
01:31:09]} {[%emt 00:01:14]} f6 {[%clk 01:17:21]} {[%emt 00:00:13]} 19. Rd2
{[%clk 01:30:20]} {[%emt 00:01:18]} fxe5 {[%clk 01:16:43]} {[%emt 00:01:08]}
20. Rde2 {[%clk 01:30:02]} {[%emt 00:00:47]} Nf8 {[%clk 01:16:39]} {[%emt
00:00:34]} 21. fxe5 {[%clk 01:30:11]} {[%emt 00:00:20]} Ng6 {[%clk 01:16:51]}
{[%emt 00:00:19]} 22. e6 {[%clk 01:28:31]} {[%emt 00:02:10]} Nf8 {[%clk
01:15:41]} {[%emt 00:01:40]} 23. Na4 {[%clk 01:28:46]} {[%emt 00:00:15]} Rxe6
{[%clk 01:15:39]} {[%emt 00:00:32]} 24. Rxe6 {[%clk 01:28:08]} {[%emt
00:01:08]} Rxe6 {[%clk 01:16:05]} {[%emt 00:00:04]} 25. Rxe6 {[%clk 01:28:27]}
{[%emt 00:00:11]} Nxe6 {[%clk 01:16:32]} {[%emt 00:00:04]} 26. Kf2 {[%clk
01:28:25]} {[%emt 00:00:31]} Nd4 {[%clk 01:16:40]} {[%emt 00:00:21]} 27. Nc5
{[%clk 01:26:55]} {[%emt 00:02:00]} Nxc2 {[%clk 01:16:45]} {[%emt 00:00:26]}
28. Nxb7 {[%clk 01:27:16]} {[%emt 00:00:08]} Nb4 {[%clk 01:16:05]} {[%emt
00:01:10]} 29. Nc5 {[%clk 01:26:11]} {[%emt 00:01:35]} Kf7 {[%clk 01:16:18]}
{[%emt 00:00:17]} 30. Ke3 {[%clk 01:25:37]} {[%emt 00:01:04]} Ke7 {[%clk
01:13:31]} {[%emt 00:03:17]} 31. Kd4 {[%clk 01:25:26]} {[%emt 00:00:41]} Nc2+
{[%clk 01:09:19]} {[%emt 00:04:42]} 32. Kc3 {[%clk 01:20:19]} {[%emt 00:05:38]}
Ne3 {[%clk 01:09:30]} {[%emt 00:00:19]} 33. g3 {[%clk 01:20:13]} {[%emt
00:00:36]} Nf1 {[%clk 01:09:55]} {[%emt 00:00:05]} 34. Nxa6 {[%clk 01:20:14]}
{[%emt 00:00:29]} Kd6 {[%clk 01:10:04]} {[%emt 00:00:21]} 35. h4 {[%clk
01:18:51]} {[%emt 00:01:52]} Nxg3 {[%clk 01:10:29]} {[%emt 00:00:06]} 36. Kd4
{[%clk 01:16:33]} {[%emt 00:02:47]} Nf5+ {[%clk 01:10:53]} {[%emt 00:00:06]}
37. Ke4 {[%clk 01:16:43]} {[%emt 00:00:21]} Nxh4 {[%clk 01:11:18]} {[%emt
00:00:04]} 38. Kd4 {[%clk 01:16:16]} {[%emt 00:00:52]} g5 {[%clk 01:11:43]}
{[%emt 00:00:11]} 39. Nc5 {[%clk 01:16:28]} {[%emt 00:00:17]} Nf5+ {[%clk
01:11:54]} {[%emt 00:00:20]} 40. Kc4 {[%clk 01:16:37]} {[%emt 00:00:21]} Ng3
{[%clk 01:12:00]} {[%emt 00:00:24]} 41. Nb7+ {[%clk 01:16:44]} {[%emt
00:00:22]} Ke7 {[%clk 01:12:05]} {[%emt 00:00:25]} 42. Nc5 {[%clk 01:16:27]}
{[%emt 00:00:47]} h5 {[%clk 01:12:21]} {[%emt 00:00:14]} 43. Nd3 {[%emt
00:00:29]} h4 {[%emt 00:00:20]} 44. Nf2 {[%clk 01:15:44]} {[%emt 00:00:24]} Nh5
{[%clk 01:11:23]} {[%emt 00:01:28]} 45. Ng4 {[%clk 01:15:58]} {[%emt 00:00:17]}
Nf6 {[%clk 01:11:24]} {[%emt 00:00:29]} 46. Nf2 {[%clk 01:15:50]} {[%emt
00:00:29]} g4 {[%clk 01:11:51]} {[%emt 00:00:12]} 47. Kd3 {[%clk 01:16:06]}
{[%emt 00:00:13]} Ke6 {[%clk 01:11:15]} {[%emt 00:01:07]} 48. Ke2 {[%clk
01:16:19]} {[%emt 00:00:17]} Kf5 {[%clk 01:11:19]} {[%emt 00:00:24]} 49. Kf1
{[%clk 01:16:34]} {[%emt 00:00:17]} Ne4 {[%clk 01:11:12]} {[%emt 00:00:37]} 50.
Nd3 {[%clk 01:16:18]} {[%emt 00:00:46]} Nd2+ {[%clk 01:11:33]} {[%emt
00:00:10]} 51. Kg2 {[%clk 01:16:20]} {[%emt 00:00:28]} Nxb3 {[%clk 01:11:45]}
{[%emt 00:00:19]} 52. Ne1 {[%clk 01:16:16]} {[%emt 00:00:33]} Nc5 {[%clk
01:11:49]} {[%emt 00:00:26]} 53. Kh2 {[%clk 01:16:15]} {[%emt 00:00:27]} h3
{[%clk 01:11:27]} {[%emt 00:00:55]} 54. Kg3 {[%clk 01:16:35]} {[%emt 00:00:10]}
Ne4+ {[%clk 01:11:20]} {[%emt 00:00:38]} 55. Kh2 {[%clk 01:16:51]} {[%emt
00:00:14]} Nd2 {[%clk 01:09:10]} {[%emt 00:02:40]} 56. Kg3 {[%clk 01:16:57]}
{[%emt 00:00:22]} h2 {[%clk 01:08:07]} {[%emt 00:01:36]} 57. Kg2 {[%clk
01:16:48]} {[%emt 00:00:38]} g3 {[%clk 01:07:56]} {[%emt 00:00:42]} 58. Kh1
{[%clk 01:16:45]} {[%emt 00:00:32]} Ne4 {[%clk 01:08:04]} {[%emt 00:00:23]} 59.
Nd3 {[%clk 01:16:16]} {[%emt 00:00:59]} Nf2+ {[%clk 01:08:04]} {[%emt
00:00:30]} 60. Nxf2 {[%clk 01:16:35]} {[%emt 00:00:10]} gxf2 {[%clk 01:08:30]}
{[%emt 00:00:05]} 61. Kg2 {[%emt 00:01:08]} f1=Q+ {[%emt 00:00:34]} 62. Kxf1
{[%emt 00:00:12]} h1=Q+ {[%emt 00:00:05]} 63. Ke2 {[%clk 01:15:18]} {[%emt
00:00:30]} Qh3 {[%clk 01:08:52]} {[%emt 00:00:09]} 64. Kd2 {[%clk 01:15:35]}
{[%emt 00:00:13]} Ke4 {[%clk 01:09:17]} {[%emt 00:00:05]} 65. Kc2 {[%clk
01:15:50]} {[%emt 00:00:16]} Qd3+ {[%clk 01:09:20]} {[%emt 00:00:26]} 66. Kc1
{[%clk 01:16:06]} {[%emt 00:00:13]} Qe2 {[%clk 01:09:33]} {[%emt 00:00:18]} 67.
Kb1 {[%clk 01:16:25]} {[%emt 00:00:10]} c5 {[%clk 01:09:54]} {[%emt 00:00:11]}
68. Ka2 {[%clk 01:16:44]} {[%emt 00:00:11]} c4 {[%clk 01:10:13]} {[%emt
00:00:11]} 69. Ka3 {[%clk 01:16:59]} {[%emt 00:00:14]} Kd3 {[%clk 01:10:14]}
{[%emt 00:00:30]} 70. Kb4 {[%clk 01:17:03]} {[%emt 00:00:26]} Qxb2+ {[%clk
01:10:33]} {[%emt 00:00:11]} 71. Kc5 {[%clk 01:17:21]} {[%emt 00:00:12]} Qb6+
{[%clk 01:10:47]} {[%emt 00:00:15]} 72. Kd5 {[%clk 01:17:34]} {[%emt 00:00:17]}
Qd6# {[%clk 01:10:38]} {[%emt 00:00:05]} 0-1

[Event "DEM U10 2025"]
[Site "Willingen GER"]
[Date "2025.06.08"]
[Round "2"]
[White "Müller, Konstantin"]
[Black "Ni, Wilhelm Zeyin"]
[Result "1-0"]
[Termination "normal"]
[Board "1"]
[WhiteElo "1998"]
[BlackElo "1654"]
[WhiteClock "00:43:14"]
[BlackClock "00:43:02"]
[PlyCount "77"]
[WhiteFideId "34661778"]
[BlackFideId "34675337"]
[EventCountry "GER"]
[EventRounds "9"]
[EventType "swiss"]
[EventDate "2025.06.07"]

1. d4 {[%clk 01:30:58]} {[%emt 00:00:03]} d5 {[%clk 01:30:53]} {[%emt
00:00:07]} 2. c4 {[%emt 00:00:07]} e6 {[%clk 01:31:19]} {[%emt 00:00:02]} 3.
Nc3 {[%clk 01:31:43]} {[%emt 00:00:10]} Nf6 {[%clk 01:31:44]} {[%emt 00:00:05]}
4. cxd5 {[%clk 01:32:08]} {[%emt 00:00:05]} exd5 {[%clk 01:32:06]} {[%emt
00:00:08]} 5. Bg5 {[%clk 01:32:32]} {[%emt 00:00:06]} Be7 {[%clk 01:32:29]}
{[%emt 00:00:06]} 6. e3 {[%clk 01:32:56]} {[%emt 00:00:07]} c6 {[%clk
01:32:44]} {[%emt 00:00:16]} 7. Bd3 {[%clk 01:33:18]} {[%emt 00:00:07]} Nbd7
{[%clk 01:33:09]} {[%emt 00:00:05]} 8. Qc2 {[%clk 01:33:31]} {[%emt 00:00:18]}
Nh5 {[%clk 01:33:21]} {[%emt 00:00:17]} 9. Bxe7 {[%clk 01:33:53]} {[%emt
00:00:08]} Qxe7 {[%clk 01:33:45]} {[%emt 00:00:06]} 10. Nge2 {[%clk 01:34:13]}
{[%emt 00:00:10]} g6 {[%clk 01:33:59]} {[%emt 00:00:16]} 11. O-O {[%clk
01:33:49]} {[%emt 00:00:54]} O-O {[%clk 01:34:20]} {[%emt 00:00:09]} 12. Rae1
{[%clk 01:33:15]} {[%emt 00:01:04]} Ndf6 {[%clk 01:33:34]} {[%emt 00:01:16]}
13. Nc1 {[%clk 01:32:48]} {[%emt 00:00:57]} Ng7 {[%clk 01:33:45]} {[%emt
00:00:19]} 14. f3 {[%clk 01:32:47]} {[%emt 00:00:31]} Ne6 {[%clk 01:15:52]}
{[%emt 00:18:23]} 15. Qf2 {[%clk 01:29:41]} {[%emt 00:03:35]} c5 {[%clk
01:12:42]} {[%emt 00:03:41]} 16. dxc5 {[%clk 01:26:37]} {[%emt 00:03:34]} Nxc5
{[%clk 01:12:44]} {[%emt 00:00:27]} 17. Bc2 {[%clk 01:26:36]} {[%emt 00:00:32]}
Rd8 {[%clk 01:12:08]} {[%emt 00:01:06]} 18. Rd1 {[%clk 01:24:43]} {[%emt
00:02:23]} Be6 {[%clk 01:09:56]} {[%emt 00:02:42]} 19. N1e2 {[%clk 01:24:10]}
{[%emt 00:01:02]} Qc7 {[%clk 01:06:13]} {[%emt 00:04:13]} 20. Qh4 {[%clk
01:22:36]} {[%emt 00:02:04]} Ne8 {[%clk 01:04:39]} {[%emt 00:02:05]} 21. Rd2
{[%clk 01:19:31]} {[%emt 00:03:35]} Rd7 {[%clk 01:03:01]} {[%emt 00:02:08]} 22.
Rfd1 {[%clk 01:16:08]} {[%emt 00:03:52]} Rad8 {[%clk 01:02:58]} {[%emt
00:00:34]} 23. h3 {[%clk 01:10:19]} {[%emt 00:06:19]} Ng7 {[%clk 01:01:34]}
{[%emt 00:01:54]} 24. Qf4 {[%clk 01:08:58]} {[%emt 00:01:51]} Qb6 {[%clk
00:58:43]} {[%emt 00:03:20]} 25. Kh1 {[%clk 01:07:57]} {[%emt 00:01:32]} f5
{[%clk 00:56:06]} {[%emt 00:03:07]} 26. a3 {[%clk 00:55:34]} {[%emt 00:12:52]}
a5 {[%clk 00:50:47]} {[%emt 00:05:50]} 27. Qd4 {[%clk 00:55:07]} {[%emt
00:00:57]} Rd6 {[%clk 00:49:32]} {[%emt 00:01:45]} 28. Nf4 {[%clk 00:50:10]}
{[%emt 00:05:26]} Bf7 {[%clk 00:46:12]} {[%emt 00:03:51]} 29. b4 {[%clk
00:49:47]} {[%emt 00:00:53]} Nce6 {[%clk 00:45:41]} {[%emt 00:01:01]} 30. Qxb6
{[%clk 00:49:59]} {[%emt 00:00:18]} Rxb6 {[%clk 00:46:05]} {[%emt 00:00:06]}
31. Nfxd5 {[%clk 00:49:43]} {[%emt 00:00:46]} Ra6 {[%clk 00:44:14]} {[%emt
00:02:21]} 32. Nf6+ {[%clk 00:45:12]} {[%emt 00:05:01]} Kf8 {[%clk 00:42:42]}
{[%emt 00:02:01]} 33. Nxh7+ {[%clk 00:45:33]} {[%emt 00:00:09]} Kg8 {[%clk
00:42:54]} {[%emt 00:00:19]} 34. Nf6+ {[%clk 00:45:43]} {[%emt 00:00:20]} Kf8
{[%clk 00:43:17]} {[%emt 00:00:07]} 35. Rxd8+ {[%clk 00:43:58]} {[%emt
00:02:15]} Nxd8 {[%clk 00:43:34]} {[%emt 00:00:13]} 36. Nd7+ {[%clk 00:44:17]}
{[%emt 00:00:10]} Ke7 {[%clk 00:43:37]} {[%emt 00:00:28]} 37. Nc5 {[%clk
00:44:39]} {[%emt 00:00:08]} Rd6 {[%clk 00:43:40]} {[%emt 00:00:27]} 38. bxa5
{[%clk 00:44:17]} {[%emt 00:00:52]} Rc6 {[%clk 00:43:02]} {[%emt 00:01:08]} 39.
N5a4 {[%clk 00:43:14]} {[%emt 00:01:32]} 1-0

[Event "DEM U10 2025"]
[Site "Willingen GER"]
[Date "2025.06.08"]
[Round "2"]
[White "Ranganathan, Aadith"]
[Black "Mitin, Maximilian"]
[Result "1-0"]
[Termination "normal"]
[Board "2"]
[WhiteElo "1824"]
[BlackElo "1714"]
[WhiteClock "01:19:50"]
[BlackClock "01:19:34"]
[PlyCount "55"]
[WhiteFideId "34667121"]
[BlackFideId "533034281"]
[EventCountry "GER"]
[EventRounds "9"]
[EventType "swiss"]
[EventDate "2025.06.07"]

1. e4 {[%clk 01:30:54]} {[%emt 00:00:05]} e5 {[%clk 01:30:47]} {[%emt
00:00:13]} 2. Nf3 {[%clk 01:31:18]} {[%emt 00:00:06]} Nc6 {[%clk 01:30:31]}
{[%emt 00:00:45]} 3. Bc4 {[%clk 01:29:50]} {[%emt 00:02:00]} Bc5 {[%clk
01:29:27]} {[%emt 00:01:33]} 4. c3 {[%clk 01:30:12]} {[%emt 00:00:08]} Nf6
{[%clk 01:29:04]} {[%emt 00:00:53]} 5. d4 {[%clk 01:28:37]} {[%emt 00:02:06]}
exd4 {[%clk 01:29:27]} {[%emt 00:00:07]} 6. O-O {[%clk 01:29:00]} {[%emt
00:00:06]} dxc3 {[%clk 01:29:22]} {[%emt 00:00:36]} 7. e5 {[%clk 01:29:23]}
{[%emt 00:00:07]} cxb2 {[%clk 01:29:25]} {[%emt 00:00:27]} 8. Bxb2 {[%clk
01:29:42]} {[%emt 00:00:10]} Ng4 {[%clk 01:28:13]} {[%emt 00:01:43]} 9. Bxf7+
{[%clk 01:30:02]} {[%emt 00:00:09]} Kxf7 {[%clk 01:28:23]} {[%emt 00:00:20]}
10. Qd5+ {[%clk 01:30:26]} {[%emt 00:00:06]} Kf8 {[%clk 01:27:23]} {[%emt
00:01:30]} 11. Qxc5+ {[%clk 01:30:47]} {[%emt 00:00:09]} Qe7 {[%clk 01:27:36]}
{[%emt 00:00:17]} 12. Qc4 {[%clk 01:26:08]} {[%emt 00:05:09]} Qe6 {[%clk
01:26:06]} {[%emt 00:02:00]} 13. Qf4+ {[%clk 01:26:20]} {[%emt 00:00:19]} Ke8
{[%clk 01:24:11]} {[%emt 00:02:25]} 14. Ng5 {[%clk 01:22:46]} {[%emt 00:04:03]}
Qg6 {[%clk 01:24:21]} {[%emt 00:00:20]} 15. Qxg4 {[%clk 01:21:21]} {[%emt
00:01:55]} h6 {[%clk 01:24:41]} {[%emt 00:00:10]} 16. Qe4 {[%clk 01:21:33]}
{[%emt 00:00:18]} Qxg5 {[%clk 01:25:00]} {[%emt 00:00:12]} 17. f4 {[%clk
01:21:46]} {[%emt 00:00:16]} Qe7 {[%clk 01:23:38]} {[%emt 00:01:52]} 18. Nc3
{[%clk 01:21:47]} {[%emt 00:00:29]} Kd8 {[%clk 01:21:55]} {[%emt 00:02:13]} 19.
Nd5 {[%clk 01:21:43]} {[%emt 00:00:34]} Qf7 {[%clk 01:19:53]} {[%emt 00:02:32]}
20. f5 {[%clk 01:21:40]} {[%emt 00:00:33]} Re8 {[%clk 01:20:08]} {[%emt
00:00:14]} 21. Qh4+ {[%clk 01:20:21]} {[%emt 00:01:50]} Ne7 {[%clk 01:19:57]}
{[%emt 00:00:41]} 22. Nxe7 {[%clk 01:17:57]} {[%emt 00:02:55]} Qxe7 {[%clk
01:19:54]} {[%emt 00:00:33]} 23. f6 {[%clk 01:18:18]} {[%emt 00:00:07]} gxf6
{[%clk 01:19:43]} {[%emt 00:00:41]} 24. exf6 {[%clk 01:18:41]} {[%emt
00:00:07]} Qc5+ {[%clk 01:19:31]} {[%emt 00:00:43]} 25. Kh1 {[%clk 01:19:03]}
{[%emt 00:00:08]} Qg5 {[%clk 01:18:54]} {[%emt 00:01:07]} 26. Qxg5 {[%clk
01:19:27]} {[%emt 00:00:07]} hxg5 {[%clk 01:19:16]} {[%emt 00:00:07]} 27. f7
{[%clk 01:19:53]} {[%emt 00:00:04]} Rf8 {[%clk 01:19:34]} {[%emt 00:00:13]} 28.
Bf6# {[%clk 01:19:50]} {[%emt 00:00:02]} 1-0